Statystyki dla Wszystkie piosenki - schafter

Kliknij tutaj aby rozwiązać quiz!

Ogólne statystyki

  • Ten quiz został rozwiązany 41 razy
    (22 od ostatniego zresetowania)
  • Średni wynik to 27 z 47

Statystyki odpowiedzi

HintOdpowiedź% Poprawnych
audiotelebigos (feat. Taco Hemingway)
85%
hors d'oeuvrecandy.doll
85%
audioteledouble D's (feat. Żabson)
85%
audiotelehot coffee
85%
RAMOTKAONA (PREQUEL)
85%
audiotelepager (feat. Belmondawg)
77%
hors d'oeuvretom & jerry
77%
FUTURAeskeemos
69%
hors d'oeuvregood will hunting
69%
FUTURAintro
69%
FUTURAoutro
69%
audiotelepejzaż
69%
hors d'oeuvrepub
69%
FUTURAswimming lessons (feat. Young Igi)
69%
audioteleakt zgonu in blanco (feat. Ras & Młody Dzban)
62%
audioteleaperitif
62%
hors d'oeuvreblow off
62%
hors d'oeuvreblur
62%
FUTURAbrak zegarka
62%
hors d'oeuvrecameltoe (feat. vkie)
62%
audiotelecirque du soleil (feat. Oki)
62%
audiotelemartin shkreli freestyle
62%
hors d'oeuvremiami 1999
62%
FUTURAparyż z okna
62%
RAMOTKASYNKOPY
62%
FUTURAwww (feat. Rosalie.)
62%
FUTURAfür jenny
54%
FUTURAneed help (feat. Houston X)
54%
audioteleshort & bittersweet
54%
RAMOTKASIESPRAWDZAM
54%
audiotelespumante
54%
FUTURA3.5 karrat
46%
RAMOTKAAFEKT (PRELUDIUM)
46%
RAMOTKADEEP STATE PROGRAMME
46%
RAMOTKAKLEJNOTY
46%
audiotelekwaśny diesel
46%
audiotelemarvin
46%
RAMOTKAPATOLOGIA (SILHOUETTE)
46%
FUTURApush to talk
46%
RAMOTKAWOLE ODPOWIADAC
46%
FUTURAbombay
38%
audiotelegeekin in the booth
38%
FUTURAhow about tonight?
38%
audioteleridin' round the town w czyimś bel air
38%
audiotelestjärnflocka
38%
audiotelewłosy
38%
FUTURAmało mi wciąż
31%

Rozkład punktacji

Percentyl według liczby udzielonych odpowiedzi

Procent ludzi z każdym wynikiem

Twoja historia wyników

Nie rozwiązałeś tego quizu od ostatniego zresetowania